000 01383nam2a22001931 4500
001 RU\NLR\A1\22313
005 20251203152403.2
035 _a(NLR Aleph) 009676779
090 _a13474991
_c13474991
100 _a19980824d1791 u y0rusy50 ca
101 1 _arus
_bfre
_ceng
200 0 _aТ.3
215 _a1-96, 99-242 [=240] с.
461 1 _1001RU\NLR\A1\22310
_12000#$aФилософ аглинской или Житие Клевеланда побочнаго сына Кромвелева, самим им писанное$fИ с аглинскаго на французской, а с французскаго на российской язык переведенное$vТ.3
_1700#1$6z01700$aПрево д'Экзиль$bА.Ф.$f1697-1763$gАнтуан Франсуа$4070
_1700#1$6z01700$aPrévost l'Exiles$bA.F.$gAntoine François
_99685886
_aПрево д'Экзиль, А.Ф. (1697-1763)
_cСПб.
_d1791
_fИ с аглинскаго на французской, а с французскаго на российской язык переведенное
_nПечатано иждивением Ивана Глазунова
_tФилософ аглинской или Житие Клевеланда побочнаго сына Кромвелева, самим им писанное
_vТ.3
801 0 _aRU
_bNLR
_c19980824
942 _cBOOK
980 _aA1XVIIIv
980 _aNB